| 000 | 00596nam a2200193Ia 4500 | ||
|---|---|---|---|
| 003 | GCL | ||
| 008 | 140319s9999 xx 000 0 ara d | ||
| 040 |
_aGCL / _cGCL |
||
| 082 | 0 | 4 |
_a336 _bم م |
| 100 | 1 | _aمصطفى حسين سلمان | |
| 245 | 1 | 0 |
_aالمالية العامة / _cمصطفى حسين سلمان |
| 300 | _a150 ص | ||
| 490 |
_aالهيئة العامة للاستعلامات _v0 |
||
| 650 | 0 | 4 | _aالسياسة المالية |
| 650 | 0 | 4 | _aالديون العامة |
| 650 | 0 | 4 | _aالنفقات العامة |
| 650 | 0 | 4 | _aالمالية العامة |
| 942 |
_2ddc _cBK |
||
| 999 |
_c48058 _d48058 |
||